Crystal Palace - Tous les joueurs de 2010 à 2025 - Statistiques

Statistiques générales
  • Ce quiz a été pris 31 fois
    22 depuis la dernière actualisation
  • Le résultat moyen est 22 sur 177
Statistiques - réponses
Saisons Nationalité Joueur Nombre
De Matchs
Poste % Correct
2009 - 20132014 - 2023 CoteD'Ivoire WilfriedZaha 458 A
92%
2020 - 2025 Angleterre EberechiEze 167 M
85%
2020 - France Jean - PhilippeMateta 152 A
77%
2016 - 2017 Belgique JonathanBenteke 1 A
77%
2021 - Angleterre MarcGuehi 155 D
77%
2021 - 2024 France MichaelOlise 90 A
77%
2023 - Angleterre DeanHenderson 64 G
62%
2024 - Sénégal IsmailaSarr 47 M/A
62%
2024 - France MaxenceLacroix 43 D
62%
2019 - Angleterre TyrickMitchell 191 D
62%
2024 - Japon DaichiKamada 43 M
54%
2023 - Angleterre AdamWharton 43 M
46%
2022 - Mali CheickDoucouré 61 M
46%
2023 - Colombie DanielMunoz 62 D
46%
2012 - 2025 Angleterre JoelWard 364 D
46%
2018 - 2024 Ghana JordanAyew 212 A
46%
2021 - 2024 France OdsonneEdouard 103 A
46%
2015 - 2018 France YohanCabaye 109 M
46%
2017 - 2019 Angleterre AaronWan - Bissaka 46 D
38%
2014 - 2018 Corée Du Sud Chung - YongLee 50 A
38%
2023 - Colombie JeffersonLerma 73 M
38%
2021 - 2024 Danemark JoachimAndersen 113 D
38%
2016 - 2021 France MamadouSakho 75 D
38%
2021 - Angleterre WillHughes 155 M
38%
2012 - 2013 Angleterre AaronMartin 6 D
31%
2014 - 2015 Angleterre AndyJohnson 1 A
31%
2011 - 2012 Ecosse ChrisMartin 28 A
31%
2022 - Etats - Unis ChrisRichards 72 D
31%
2021 - 2022 Angleterre ConorGallagher 39 M
31%
2012 - 2013 Pays De Galles JazzRichards 11 D
31%
2008 - 20122020 - Angleterre NathanielClyne 238 D
31%
2018 - 2023 Espagne VicenteGuaita 154 G
31%
2012 - 2016 RépubliqueDémocratique Du Congo YannickBolasie 144 A
31%
2011 - 2012 Angleterre AndrewDavies 2 D
23%
2016 - 2021 Angleterre AndrosTownsend 185 A
23%
2024 - 2025 Angleterre BenChilwell 11 D
23%
2018 - 2022 Sénégal CheikhouKouyaté 141 M
23%
2016 - 2025 Ghana JeffreySchlupp 247 D/M
23%
2018 - 20192020 - 2021 Belgique MichyBatshuayi 33 A
23%
2011 - 2016 Australie MileJedinak 179 M
23%
2016 - 2021 Pays - Bas PatrickVan Aanholt 134 D
23%
2013 - 2021 Pays De Galles WayneHennessey 132 G
23%
2017 - 2019 Norvège AlexanderSorloth 20 A
15%
2017 - 2022 Turquie CenkTosun 61 A
15%
2024 - Angleterre EddieNketiah 37 A
15%
2015 - 2016 Togo EmmanuelAdebayor 15 A
15%
2019 - 2021 Angleterre GaryCahill 47 D
15%
2017 - 2024 Pays - Bas JairoRiedewald 96 M
15%
2013 - 2015 Angleterre JeromeBinnom - Williams 2 D
15%
2011 - 2016 Pays De Galles JonnyWilliams 70 M
15%
2023 - 2025 Brésil MatheusFrança 19 M
15%
2018 - 2021 Allemagne MaxMeyer 56 M
15%
2017 - 2018 Angleterre RubenLoftus - Cheek 25 M
15%
2022 - 2024 Angleterre SamJohnstone 34 G
15%
2016 - 2017 France SteveMandanda 10 G
15%
2017 - 2018 Pays - Bas TimothyFosu - Mensah 24 D
15%
2024 - 2025 Angleterre TrevohChalobah 14 D
15%
2009 - 2011 France AlassaneN'Diaye 42 M
8%
2015 - 2016 Angleterre AlexMcCarthy 7 G
8%
2024 - Maroc ChadiRiad 3 D
8%
2010 - 2011 Pays - Bas EdgardDavids 7 M
8%
2014 - 2017 Angleterre FraizerCampbell 50 A
8%
2020 - 2023 Angleterre JackButland 17 G
8%
2014 - 2015 Angleterre JakeGray 2 M
8%
2019 - 2021 Irlande JamesMcCarthy 52 M
8%
2016 - 2024 Angleterre JamesTomkins 136 D
8%
2013 - 2019 Angleterre JasonPuncheon 169 M
8%
2013 - 2015 Angleterre JeromeThomas 12 A
8%
2013 - 2017 Pays De Galles JoeLedley 96 M
8%
2024 - IrlandeDu Nord JustinDevenny 28 M
8%
2012 - 2014 Angleterre KevinPhillips 21 A
8%
2016 - 2017 France LoicRemy 8 A
8%
2016 - 2023 Serbie LukaMilivojevic 198 M
8%
2014 - 2022 Angleterre MartinKelly 148 D
8%
2014 - 2019 Sénégal PapeSouare 63 D
8%
2008 - 2015 Irlande PatrickMcCarthy 151 D
8%
2024 - Angleterre RomainEsse 9 A
8%
2012 - 2014 Angleterre AaronWilbraham 33 A
0%
2010 - 2011 Angleterre AdamBarrett 9 D
0%
2013 - 2014 Algérie AdlèneGuedioura 19 M
0%
2013 - 2016 Jamaique AdrianMariappa 49 D
0%
2022 - 2023 Belgique AlbertSambi Lokonga 9 M
0%
2011 - 2012 Bulgarie AleksandarTunchev 10 D
0%
2010 - 2013 Angleterre AlexMarrow 29 M
0%
2012 - 2013 Libéria AlexNimely 2 A
0%
2013 - 2014 Angleterre AlexWynter 1 D
0%
2012 - 2013 Brésil AndreMoritz 32 M
0%
2010 - 2011 Pays De Galles AndyDorman 26 M
0%
2010 - 2012 Angleterre AnthonyGardner 62 D
0%
2011 - 2012 Mexique AntonioPedroza 5 A
0%
2015 - 2019 Mali BakarySako 54 A
0%
2013 - 2015 Ecosse BarryBannan 27 M
0%
2019 - 2020 Angleterre BrandonPierrick 3 A
0%
2014 - 2016 Norvège BredeHangeland 26 D
0%
2024 - Angleterre CalebKporha 4 D
0%
2008 - 2012 Angleterre CalvinAndrew 66 A
0%
2013 - 2014 Angleterre CameronJerome 29 A
0%
2016 - 2022 Belgique ChristianBentenke 177 A
0%
2008 - 2011 Jamaique ClaudeDavis 57 D
0%
2015 - 2021 Angleterre ConnorWickham 50 A
0%
2012 - 2018 Irlande DamienDelaney 193 D
0%
2012 - 2014 Pays De Galles DannyGabbidon 38 D
0%
2012 - 2014 Pays De Galles DarcyBlake 11 D
0%
2009 - 2012 Angleterre DarrenAmbrose 124 M
0%
2012 - 2013 Ecosse DavidGoodwillie 1 A
0%
2022 - 2024 Angleterre DavidOzoh 13 M
0%
2010 - 2013 Angleterre DavidWright 57 M
0%
2010 - 2014 Angleterre DeanMoxey 102 D
0%
2011 - 2012 Israel DekelKeinan 3 D
0%
2013 - 2016 Angleterre DwightGayle 74 A
0%
2013 - 2014 France ElliotGrandin 1 A
0%
2013 - 2014 France FlorianMarange 1 D
0%
2017 - 2018 Angleterre FreddieLadapo 1 A
0%
2011 - 2015 Angleterre GlenMurray 126 A
0%
2012 - 2016 Angleterre HiramBoateng 3 M
0%
2010 - 2011 Ouganda IbraSekajja 3 A
0%
2012 - 2013 Angleterre JacobButterfield 9 M
0%
2014 - 2023 Ecosse JamesMcArthur 253 M
0%
2010 - 2011 Angleterre JamesVaughan 30 A
0%
2020 - 2021 Pologne JaroslawJach 1 D
0%
2012 - 2013 Angleterre JasonBanton 1 M
0%
2017 - 2018 RépubliqueDémocratique Du Congo JasonLokilo 1 A
0%
2010 - 2013 Pays De Galles JermaineEaster 62 A
0%
2021 - 20222023 - 2024 Angleterre JesurunRak - Sakyi 10 A
0%
2013 - 2014 Mali JimmyKebe 6 A
0%
2022 - 2024 Angleterre JoeWhitworth 2 G
0%
2011 - 2012 Irlande JohnEgan 2 D
0%
2010 - 2011 Angleterre JonathanObika 8 A
0%
2011 - 2014 Norvège JonathanParr 101 D/M
0%
2014 - 2018 Angleterre JordonMutch 40 M
0%
2013 - 2014 Espagne JoseCampana 6 M
0%
2010 - 2011 Angleterre JulianBennett 14 D
0%
2004 - 2019 Argentine JulianSperoni 405 G
0%
2022 - Angleterre KadenRodney 1 M
0%
2010 - 2014 AfriqueDu Sud KagishoDikgacoi 114 M
0%
2010 - 2011 Curacao KemyAgustien 8 M
0%
2014 - 2015 Irlande KevinDoyle 5 A
0%
2008 - 2011 Angleterre KieranDijlali 35 M
0%
2008 - 20092010 - 2012 Angleterre KieronCadogan 25 M
0%
2011 - 2013 Ghana KwesiAppiah 10 A
0%
2011 - 2014 Angleterre KyleDa Silva 10 M
0%
2017 - 2018 Angleterre LeviLumeka 2 A
0%
2010 - 2014 Pays De Galles LewisPrice 16 G
0%
2018 - 2019 Angleterre LukeDreher 1 M
0%
2022 - 2023 Angleterre MalcolmEbiowei 5 A
0%
2013 - 2016 Maroc MarouaneChamakh 66 M/A
0%
2016 - 2017 France MathieuFlamini 13 M
0%
2010 - 2013 Angleterre MattParsons 10 D
0%
2024 - 2025 Etats - Unis MattTurner 4 G
0%
2011 - 2012 SierraLeone MustaphaDumbuya 3 D
0%
2022 - 2024 Belgique NaouirouAhamada 31 M
0%
2020 - 2024 Angleterre NathanFerguson 1 D
0%
2008 - 2011 Angleterre NathanielPinney 2 A
0%
2013 - 2014 Ecosse NeilAlexander 1 G
0%
2007 - 2011 Guyana NeilDanns 114 M
0%
2020 - 2021 Angleterre NyaKirby 1 M
0%
2010 - 2014 Irlande OwenGarvan 87 M
0%
2010 - 2011 Espagne Pablo Counago 32 A
0%
2015 - 2016 Angleterre PatrickBamford 9 A
0%
2011 - 2012 Irlande PaulMcShane 13 D
0%
2011 - 2014 Angleterre PeterRamage 67 D
0%
2023 - Angleterre RemiMatthews 1 G
0%
2023 - 2025 Angleterre RobHolding 1 D
0%
2018 - 20192020 - 2021 Angleterre RyanInniss 2 D
0%
2018 - 2021 Angleterre SamWoods 4 D
0%
2013 - 2021 Angleterre ScottDann 181 D
0%
2007 - 2012 Irlande SeanScannell 141 A
0%
2014 - 2015 Nigéria SholaAmeobi 4 A
0%
2010 - 2012 Norvège SteffenIversen 23 A
0%
2012 - 2013 Ecosse StephenDobbie 17 A
0%
2010 - 2014 Angleterre StuartO'Keefe 51 M
0%
2014 - 2019 SierraLeone SullayKaikai 11 A
0%
2021 - 2022 Irlande TayoAdaramola 2 D
0%
2013 - 2014 Angleterre TomInce 8 A
0%
2019 - 2020 Espagne VictorCamarasa 2 M
0%
2014 - 2015 France YayaSanogo 11 A
0%
2014 - 2015 Angleterre ZekiFryers 14 D
0%
Aucun quiz correspondant
Distribution des résultats
% des personnes avec chaque résultat
Percentile par nombre de réponses
Votre historique - résultats
Vous n’avez pas pris ce quiz depuis la dernière actualisation